First Pokémon by Type Combination: Dragon - Statistics

General Stats
  • This quiz has been taken 18 times
  • The average score is 14 of 16
Answer Stats
Type Combination Pokédex # Pokémon Generation % Correct
Dragon / Flying 149 Dragonite I
100%
Pure Dragon 147 Dratini I
100%
Dragon / Steel 483 Dialga IV
93%
Dragon / Normal 780 Drampa VII
93%
Dragon / Ghost 487 Giratina IV
93%
Dragon / Water 230 Kingdra II
93%
Dragon / Ground 329 Vibrava III
93%
Dragon / Grass 103 Alolan Exeggutor I
87%
Dragon / Dark 633 Deino V
87%
Dragon / Fighting 783 Hakamo-o VII
87%
Dragon / Ice 646 Kyurem V
87%
Dragon / Psychic 380 Latias III
87%
Dragon / Fire 643 Reshiram V
87%
Dragon / Rock 696 Tyrunt VI
87%
Dragon / Electric 644 Zekrom V
87%
Dragon / Poison 691 Dragalge VI
73%
No matching quizzes found
Score Distribution
Percent of People with Each Score
Percentile by Number Answered
Your Score History
You have not taken this quiz